| Registos Bibliográficos associados ao registo de autoridade |
|
Etiqueta de registo: 00230nam 2200025 450 001 1744892 003 http://id.bnportugal.gov.pt/bib/catbnp/1744892 021 ## $aPT$b275963/08 100 ## $a20100503d2008 m y0pory0103 ba 101 0# $apor 102 ## $aPT 105 ## $aa z 000yc 106 ## $ar 200 1# $aIlustre gente da Beira$eViseu$fJúlio Cruz$ged. GICAV - Grupo Intervenção Criatividade Artística de Viseu$gil. Estela Sá, José de Almeida e Silva, Pedro Albuquerque$gcoord. Luís Filipe Mendes 210 #9 $aViseu$cGICAV,$d2008 215 ## $a60 p.$cil.$d21 cm 675 ## $a929A/Z(=1:469.312)$vBN$zpor$31121430 700 #1 $aCruz,$bJúlio$31272318 702 #1 $aSá,$bEstela$4440$31419650 702 #1 $92$aSilva,$bJosé de Almeida e$4440$31419652 702 #1 $aAlbuquerque,$bPedro,$f1953-$4440$3283286 702 #1 $aMendes,$bLuís Filipe$4340$3206624 712 02 $aGrupo de Intervenção e Criatividade Artística de Viseu$4340$362286 801 #0 $aPT$bBN$gRPC 900 ## $aBIBNAC$d20100719 966 ## $lBN$mFGMON$sH.G. 58282 V.$x1 966 ## $lBN$mFGMON$sH.G. 58282 V.-D$x1
Etiqueta de registo: 00230nam 2200025 450 001 1744006 003 http://id.bnportugal.gov.pt/bib/catbnp/1744006 010 ## $a978-989-20-1352-7 021 ## $aPT$b284234/08 100 ## $a20100423d2008 m d0pory0103 ba 101 0# $apor 102 ## $aPT 105 ## $ay z 000fy 106 ## $ar 200 1# $aPáginas lentas$e ( colectânea de textos)$f[ed. Grupo de Intervenção e Criatividade Artistica de Viseu] 210 #9 $aViseu$cGICAV,$d2008 215 ## $a135 p.$d23 cm 675 ## $a821.134.3-34"20"$vBN$zpor$31018838 675 ## $a821.134.3-1"20"$vBN$zpor$31023893 712 02 $aGrupo de Intervenção e Criatividade Artística de Viseu$4340$362286 801 #0 $aPT$bBN$gRPC 900 ## $aBIBNAC$d20100713 966 ## $lBN$mFGMON$sL. 103762 V.$x1 966 ## $lBN$mFGMON$sL. 103762 V.-D$x1
Etiqueta de registo: 00900cas 02200313 04500 001 341770 003 http://id.bnportugal.gov.pt/bib/catbnp/341770 005 19981229000000.0 021 ## $aPT$b540057/92 095 ## $aPTBN00361556 100 ## $a19920429a19929999m y0pory0103 ba 101 0# $apor 102 ## $aPT 106 ## $ar 110 ## $aahazz..0yy0 200 1# $aAnim'arte$erevista de animação sócio-cultural$fpropr. GICAV Grupo de Intervenção e Criatividade Artística 207 #0 $aA. 1, n. 1 (Mar. 1992)- 210 #9 $aViseu$cGICAV,$d1992- 215 ## $d30 cm 326 ## $aTrimestral 606 ## $2SIPOR$310550 620 ## $dViseu 675 ## $a008(469.31)(05)$vBN$zpor$3487899 702 #1 $aMartins,$bManuel Rodrigues$4300$362285 712 02 $aGrupo de Intervenção e Criatividade Artística de Viseu$4650$362286 801 #0 $aPT$bBN$gRPC 966 ## $c2$lBN$mFGREV$sP.P. 20631 V.$x1
Etiqueta de registo: 00254nkm 2200109 450 001 1905128 003 http://id.bnportugal.gov.pt/bib/catbnp/1905128 100 ## $a20150708d2001 am y0pory01030103ba 101 0# $apor 102 ## $aPT 200 1# $aIII Festival teatro de marionetas$bVisual gráfico]$forganização Grupo de Intervenção e Criatividade Artistica de Viseu 210 #9 $aViseu$cGrupo de Intervenção e Criatividade Artistica de Viseu,$d2001 215 ## $a1 cartaz$ccolor.$d46x32 cm 317 ## $aFoz Cultura 675 ## $a792.9(084.5)$vBN$zpor$3324265 675 ## $a061.7(469.312)"2001"(084.5)$vBN$zpor$31614481 675 ## $a766(=1:469)"200"(084.5)$vBN$zpor$3972418 710 12 $aFestival Teatro de Marionetas,$d3,$eViseu,$f2001$31614482 712 02 $aGrupo de Intervenção e Criatividade Artística de Viseu$4557$362286 801 #0 $aPT$bBN$gRPC 966 ## $lBN$mICONOG$sCT. 7323 V.$x3
Etiqueta de registo: 00000nkm 2200025 450 001 2263006 003 http://id.bnportugal.gov.pt/bib/catbnp/2263006 100 ## $a20260209d1989 m y0pory01030103ba 101 0# $apor 102 ## $aPT 200 1# $aMestre Albuquerque, Colecção Artistas Viseenses, edição-GICAV-1989$bVisual gráfico]$fGICAV 210 #9 $aViseu$cGICAV,$d1989 215 ## $a1 cartaz$ccolor.$d44x31,9 cm 317 ## $aColeção Madeira Luís 675 ## $a766(=1:469)"1989"(084.5)$vBN$zpor$31802165 710 02 $aGrupo de Intervenção e Criatividade Artística de Viseu$362286 801 #0 $aPT$bBN$gRPC 966 ## $lBN$mICONOG$sCT. 13564 V.$x3 971 ## $cCaticonografia9$d20260209 995 ## $aPRR2026 $d20260209$iCaticonografia9
Etiqueta de registo: 00000nkm 2200025 450 001 2280789 003 http://id.bnportugal.gov.pt/bib/catbnp/2280789 100 ## $a20260317d1989 m y0pory01030103ba 101 0# $apor 102 ## $aPT 200 1# $a1º Salão de Banda Desenhada, Viseu, BD 89$bVisual gráfico]$fGicav 210 #9 $aViseu$cGicav,$d1989 215 ## $a1 cartaz$ccolor.$d43x30,6 cm 317 ## $aColeção Madeira Luís 710 02 $aSalão de Banda Desenhada,$d1,$eViseu,$f1989$31991731 712 02 $aGrupo de Intervenção e Criatividade Artística de Viseu$4557$362286 801 #0 $aPT$bBN$gRPC 966 ## $lBN$mICONOG$sCT. 16360 V.$x3 971 ## $cCatmusica8$d20260317 995 ## $aPRR2026
Etiqueta de registo: 00000nkm 2200025 450 001 2272746 003 http://id.bnportugal.gov.pt/bib/catbnp/2272746 100 ## $a20260226d1993 m y0pory01030103ba 101 0# $apor 102 ## $aPT 200 1# $a5.ª Salão de banda desenhada, Viseu B. D. 93, Casa da Ribeira, de 1 a 9 de maio$bVisual gráfico]$fG.I.C.A. V. (Grupo de Intervenção Criatividade Artística de Viseu) 210 #9 $aViseu$cG.I.C.A. V. (Grupo de Intervenção Criatividade Artística de Viseu),$d1993$eViseu :$gTipografia Beira Alta, Lda.) 215 ## $a1 cartaz$ccolor.$d62,5x44 cm 317 ## $aColeção Madeira Luís 710 02 $aSalão de Banda Desenhada,$d5,$eViseu,$f1993$31993856 711 02 $aGrupo de Intervenção e Criatividade Artística de Viseu$362286 801 #0 $aPT$bBN$gRPC 966 ## $lBN$mICONOG$sCT. 22596 A.$x3 971 ## $cCaticonografia10$d20260226 995 ## $aPRR2026
|
|
|